000
00318nam a22001337a 4500
008
180312b xxu||||| |||| 00| 0 eng d
020
_a
9780805368499
041
_a
eng
080
_2
4th
_a
611
100
_a
7
101
_a
ANA
245
_a
Human physiology an integrated approach
_c
Silverthorn,D.U
942
_2
udc
_c
BK
999
_c
44781
_d
44781